[Event "CCCSA IM Norm C 2019"]
[Site "Charlotte"]
[Date "2019.06.06"]
[Round "1"]
[White "Ludwig, John"]
[Black "Hevia Alejano, Carlos Antonio"]
[Result "0-1"]
[WhiteElo "2377"]
[BlackElo "2471"]
[Annotator "TA"]
[PlyCount "216"]
[EventDate "2019.06.05"]
[EventType "tourn"]
[EventCountry "USA"]
[SourceTitle "playchess.com"]
[Source "ChessBase"]
[SourceQuality "1"]

{[%evp 9,215,31,46,27,37,35,67,64,52,45,64,62,51,56,58,18,21,7,14,14,29,2,7,0,0,0,4,-37,-38,-44,11,16,16,14,14,13,19,0,20,14,24,24,23,20,24,24,29,29,29,13,25,27,29,0,0,6,14,0,0,-56,-54,-54,-54,-54,-8,-11,0,-8,0,0,0,-12,-7,-6,10,5,8,-6,-8,-20,16,-30,-16,-16,8,8,25,35,37,18,17,8,100,0,0,-8,-7,-9,-10,-342,-342,-337,-314,-937,-34,-45,-8,-13,-4,-4,-4,-4,-4,-10,-6,-70,-8,-8,-8,-87,-87,-87,-87,-87,-87,-87,-87,-102,-69,-78,-77,-85,-70,-85,-70,-78,-69,-70,-70,-70,-69,-69,-69,-69,-69,-69,-69,-69,-69,-69,-69,-69,-69,-69,-69,-69,-69,-69,-69,-69,-69,-69,-69,-69,-69,-69,-69,-69,-69,-69,-69,-69,-69,-69,-69,-69,-69,-69,-69,-69,-69,-69,-69,-69,-69,-77,-77,-77,-77,-77,-77,-77,-77,-77,-77,-77,-77,-77,-77,-77,-77,-77,-77,-77,-77,-29986,-29987,-29999]} 1. e4 g6 2. d4 Bg7 3. c3 d6 4. Nf3 e5 5. h3 Nc6 (5... Nd7 6. Bd3 Ne7 7. O-O O-O 8. Re1 c6 9. Qc2 Qc7 10. a4 Kh8 11. Na3 a5 12. Nc4 b5 13. axb5 cxb5 {1-0 (44) Girya,O (2482)-Khotenashvili,B (2484) Tbilisi 2018}) 6. Bg5 {B06: Modern Defence} f6 $146 ({Predecessor:} 6... Nge7 7. dxe5 Nxe5 8. Nxe5 Bxe5 9. Nd2 Bg7 10. Nf3 f6 11. Be3 Be6 12. Nd4 Bf7 {1-0 (54) Yakubboev,N (2273)-Karimov,I (2253) Tashkent 2015}) 7. Be3 Nh6 8. Bc4 {White is slightly better.} Qe7 9. O-O Nf7 10. Re1 O-O 11. Nbd2 Kh8 12. dxe5 fxe5 13. a4 Ncd8 14. a5 a6 15. Bf1 Ne6 16. Nc4 Nfg5 17. Nxg5 Nxg5 18. Bxg5 (18. Nd2 {feels hotter.} Bh6 19. c4 Bd7 20. Rc1 Qf6 21. Qb3) 18... Qxg5 19. Qd2 Qxd2 (19... Qh4 $15) 20. Nxd2 $11 Bd7 21. Nc4 Bc6 22. f3 Bf6 23. Ne3 Rae8 (23... Bh4 $5 {[%cal Rh4e1]}) 24. Bc4 Bd7 25. Red1 h5 26. Bd5 Bc8 27. Kf2 Kg7 28. Ke2 Bg5 29. Bc4 Kh6 30. b4 Re7 31. b5 axb5 32. Bxb5 Be6 33. a6 (33. Rh1 {seems wilder.} c6 34. Bd3 Rd7 35. h4 Bf6 36. g3) 33... c6 34. Bc4 (34. Bd3 $11) 34... Bxe3 $1 $15 35. Bxe6 Bc5 36. Bb3 b5 37. h4 Ra8 38. Ra2 g5 39. hxg5+ Kxg5 40. g3 Rea7 41. Rda1 Rg7 42. Rh1 Rga7 43. Rha1 Kf6 44. f4 h4 45. Rf1 hxg3 46. fxe5+ Kg5 {White must now prevent ...g2.} 47. Rf5+ Kh6 {Threatens to win with ...g2.} 48. Kf3 {exd6 is the strong threat.} dxe5 49. Rxe5 Rf8+ $1 50. Kg2 (50. Kxg3 $2 Bd6 $1 $19 {[%mdl 512]}) 50... Bf2 (50... Be3 $11 {remains equal.}) 51. Ra1 (51. Rd2 $1 $16) 51... Kg6 $11 52. Be6 $132 {[%mdl 2048] White is not keeping still} Rd8 53. Bf5+ Kg5 {aiming for ...Kf4.} (53... Kf6 $5 54. Re6+ $8 {[%mdl 64] Double Attack} Kg5 $11) 54. Ra2 $2 {[%mdl 8192]} (54. Re6 $11 {and White has nothing to worry.}) 54... Kf4 $1 $19 {[%cal Rf4e5]} 55. Re6 Rh8 56. Bh3 $2 {[#]} (56. Rf6 Rh2+ 57. Kf1) 56... Ke3 $2 (56... Rxh3 $1 $19 {[%mdl 512]} 57. Rf6+ (57. Kxh3 Rh7+) 57... Ke5 58. Kxh3 Kxf6) 57. Ra3 $15 ({But not} 57. Rxc6 $2 Rxh3 $1 {[%mdl 512]} 58. Kxh3 Rh7+ 59. Kg4 g2 $19) 57... Rah7 (57... Rxh3 $5 58. c4+ Kf4 59. Kxh3 b4 60. Rf6+ Kxe4 $15) 58. c4+ $1 Kd4 59. a7 Ra8 {And now ...b4 would win.} 60. cxb5 cxb5 61. Rea6 b4 62. Rb3 (62. R6a4 $11) 62... Be1 ({Black should try} 62... Kc4 $1 $15 63. Be6+ Kb5) 63. Rb1 $11 Bc3 64. Bf5 (64. Rd1+ $11 Ke3 65. Rd7 Rxd7 66. Bxd7) 64... Rhxa7 $17 65. Rxa7 Rxa7 66. Kxg3 {[%mdl 4096] Endgame KRB-KRB} Ke3 67. Kg4 Rg7+ 68. Kh5 Re7 {[#]} 69. e5 $1 {[%mdl 512]} Rxe5 (69... Bxe5 70. Rxb4) 70. Kg4 Kd2 71. Kf4 Rb5 72. Bd7 Rb8 73. Ba4 Kd3 74. Rd1+ Bd2+ 75. Ke5 b3 76. Bxb3 $1 Rxb3 $15 {KRB-KR} 77. Kd5 Rb5+ 78. Kc6 Rh5 79. Rg1 Be3 80. Rg3 Ke4 81. Rg4+ Bf4 82. Rg1 Rh6+ 83. Kb5 Be3 84. Rg8 Rb6+ 85. Kc4 Bf4 86. Kc5 Rb2 87. Rg4 Rc2+ 88. Kb5 Ke5 89. Rh4 Rc8 90. Rg4 Be3 91. Rh4 Bd4 92. Rh5+ Kd6 93. Rg5 Be5 94. Kb4 Kd5 95. Kb3 Rc3+ 96. Kb4 Rc2 97. Rg8 Rb2+ 98. Ka3 Rb7 99. Rg5 Kd4 100. Ka4 Rb1 {Hoping for ...Kc4.} 101. Ka5 Bc7+ 102. Ka6 Kc4 103. Rg2 Be5 104. Rc2+ Kd5 105. Ra2 Bd4 106. Rg2 Bc5 {( -> ...Kc6)} 107. Rg5+ $2 {[%mdl 8192] [#]} (107. Ka5 $17) 107... Kc6 $1 {[%cal Rb1a1]} 108. Ka5 {Accuracy: White = 48%, Black = 67%.} Ra1# 0-1

[Event "CCCSA IM Norm C 2019"]
[Site "Charlotte"]
[Date "2019.06.06"]
[Round "1"]
[White "Jacobson, Aaron"]
[Black "Martin Del Campo C., Roberto"]
[Result "1/2-1/2"]
[WhiteElo "2311"]
[BlackElo "2313"]
[Annotator "TA"]
[PlyCount "53"]
[EventDate "2019.06.05"]
[EventType "tourn"]
[EventCountry "USA"]
[SourceTitle "playchess.com"]
[Source "ChessBase"]
[SourceQuality "1"]

{[%evp 24,53,48,43,43,33,42,37,33,32,33,32,32,0,0,0,0,0,0,0,0,0,0,-6,-4,-12,0,-9,8,0,0,0]} 1. e4 c5 2. Nf3 Nc6 3. d4 cxd4 4. Nxd4 e5 5. Nb5 d6 6. c4 Be7 7. N1c3 a6 8. Na3 Be6 9. Be2 Bg5 10. O-O Bxc1 11. Rxc1 Nf6 12. Nc2 O-O 13. Qd3 Qb6 {B32: Sicilian: Löwenthal and Kalashnikov Variations} 14. b3 Nb4 {[#]} 15. Qd2 $146 {[#] And now Na4 would win.} (15. Qe3 {with more complications.} Qa5 16. a4 Nd7 17. Rfd1 Nc5 18. Nxb4 Qxb4 19. Rb1) ({Predecessor:} 15. Qe3 Qxe3 16. Nxe3 Nc6 17. Nc2 Rfd8 18. Rfd1 Kf8 19. g3 Rac8 20. f4 g6 21. Bf3 {1-0 (31) Navara,D (2702)-Moiseenko,A (2679) Mulhouse 2011}) 15... Nxc2 {White is slightly better.} 16. Qxc2 Rac8 17. Rfd1 Rfd8 18. Rd3 Qb4 {The position is equal.} 19. Qd2 b5 20. Nd5 Nxd5 21. exd5 Qxd2 22. Rxd2 Bd7 23. Bd3 Kf8 24. Rdc2 (24. Bxh7 $2 g6 $17) 24... Ke7 25. f3 ({Don't go for} 25. Bxh7 $2 g6 $19) 25... b4 26. a3 ({Much worse is} 26. Bxh7 g6 $17) 26... Rb8 27. a4 {Accuracy: White = 41%, Black = 76%.} 1/2-1/2

[Event "CCCSA IM Norm C 2019"]
[Site "Charlotte"]
[Date "2019.06.06"]
[Round "1"]
[White "Adamson, Robby"]
[Black "Bregadze, Levan"]
[Result "0-1"]
[WhiteElo "2238"]
[BlackElo "2462"]
[Annotator "TA"]
[PlyCount "122"]
[EventDate "2019.06.05"]
[EventType "tourn"]
[EventCountry "USA"]
[SourceTitle "playchess.com"]
[Source "ChessBase"]
[SourceQuality "1"]

{[%evp 14,122,20,20,22,22,19,19,18,24,12,18,24,25,13,16,22,17,37,15,12,17,14,0,0,-79,50,24,47,13,45,0,0,0,0,0,0,0,0,0,0,0,0,-37,0,0,0,0,0,0,0,-12,0,-57,-57,-57,-57,-43,-47,-53,-50,-45,-42,-60,-33,-33,-33,-33,-33,-33,-33,-33,-10,-33,-33,-33,-33,-20,-32,-33,-33,-263,-235,-467,-442,-347,-114,-114,-114,-114,-114,-662,-451,-1436,-1257,-1102,-583,-29969,-29971,-29970,-29970,-29969,-29973,-29971,-29972,-29972,-29972,-29973,-29964,-29953,-12351]} 1. e4 g6 2. d4 Bg7 3. Nf3 d6 4. Bc4 Nf6 5. Qe2 O-O 6. e5 ({Predecessor:} 6. O-O Bg4 7. e5 dxe5 8. dxe5 {1-0 (42) Plenca,J (2422)-Potpara,N (2379) Belgrade 2017}) 6... dxe5 7. dxe5 Nd5 8. O-O Bg4 {B06: Modern Defence} 9. Nbd2 $146 (9. Rd1 c6 10. Nbd2 Nd7 11. h3 Be6 12. Nf1 Qc7 13. Re1 b5 14. Bb3 Nc5 15. Nd4 {1-0 (39) Artemiev,V (2702)-Chigaev,M (2577) Ekaterinburg 2018}) 9... Nb6 10. Bd3 Nc6 {The position is equal.} 11. h3 $1 {[%cal Rh3g4]} Nd4 12. Qe4 Nxf3+ 13. Nxf3 Bxf3 14. Qxf3 c6 15. Re1 e6 16. Qg3 Qc7 17. h4 c5 18. c4 Rad8 19. Bf1 (19. Bf4 $11) 19... f6 (19... Rd4 $17) 20. Bf4 {aiming for exf6.} f5 21. b3 Rd4 22. Rac1 Nc8 23. Be2 Ne7 24. h5 gxh5 25. Bxh5 Ng6 $1 {[%cal Rg6f4]} 26. Bxg6 hxg6 27. Rc3 Kf7 28. Qg5 (28. Rd3 {looks sharper.} Rfd8 29. Rxd4 Rxd4 30. Be3 Bxe5 31. Qh3) 28... Qd8 (28... Rh8 {with more complications.} 29. Rh3 Rxh3 30. gxh3 a6 31. h4 b6) 29. Qxd8 Rfxd8 30. g3 b6 31. Kf1 Rh8 32. Kg2 Rh5 33. Rh1 (33. Rcc1 $11) 33... Rxh1 $15 34. Kxh1 {[%mdl 4096] Endgame [#] KRB-KRB} g5 $1 {[%mdl 512]} 35. Bxg5 Bxe5 {Strongly threatening ...Rd1+.} 36. Rc2 Rd1+ 37. Kg2 Bd4 38. Kf3 e5 39. Rc1 e4+ 40. Ke2 Rd3 41. Be3 Bxe3 42. fxe3 {KR-KR} Kg6 43. Rh1 Rd8 44. Rh4 a6 45. Rf4 Kg5 46. Rh4 b5 47. cxb5 $2 ({White has to play} 47. Rh7 $1 $15) 47... axb5 $19 48. Rh7 $2 (48. a4) 48... Ra8 49. a4 bxa4 $2 (49... c4 $1 $19 {and Black stays clearly on top.} 50. Rg7+ Kh6) 50. bxa4 $17 Rxa4 51. Rg7+ Kh5 52. Rc7 $2 {[%mdl 8192]} (52. Rh7+ $17 Kg5 53. Rg7+ Kf6 54. Rc7) 52... c4 53. Rh7+ {[#]} (53. Rg7 $142 Ra2+ 54. Kd1) 53... Kg4 $1 $19 54. Rg7+ Kh3 55. Rg5 Ra2+ {Black mates.} 56. Kd1 {[#]} Rf2 $1 57. Rg8 c3 58. Rg5 c2+ 59. Kc1 Kg2 60. g4 fxg4 61. Rxg4+ {[#]} Kf3 $1 {[%mdl 64] Double Attack. Accuracy: White = 43%, Black = 69%.} 0-1

[Event "CCCSA IM Norm C 2019"]
[Site "Charlotte"]
[Date "2019.06.06"]
[Round "1"]
[White "Turgut, Aydin"]
[Black "Balleisen, Aaron"]
[Result "1-0"]
[WhiteElo "2195"]
[BlackElo "2203"]
[Annotator "TA"]
[PlyCount "83"]
[EventDate "2019.06.05"]
[EventType "tourn"]
[EventCountry "USA"]
[SourceTitle "playchess.com"]
[Source "ChessBase"]
[SourceQuality "1"]

{[%evp 24,83,84,75,85,72,65,80,29,68,310,286,395,264,258,260,244,0,158,129,205,61,79,77,478,436,470,464,476,489,469,489,474,476,464,462,500,477,474,435,410,386,487,484,496,487,477,460,415,412,368,335,511,502,410,393,247,0,350,350,29997,29998]} 1. e4 c5 2. Nf3 Nc6 3. d4 cxd4 4. Nxd4 Nf6 5. Nc3 d6 6. Bg5 Bd7 7. Qd2 Rc8 8. f4 Nxd4 9. Qxd4 Qa5 10. e5 dxe5 11. fxe5 e6 12. O-O-O Bc6 13. Nb5 $1 Bxb5 {B61: Sicilian: Richter-Rauzer: 6...Bd7 7 Qd2} 14. exf6 Bc6 15. h4 $1 g6 {White is better.} 16. Bc4 Qc5 $2 (16... Bc5 $14 17. Qe5 Bb6) 17. Qd3 $18 {Threatens to win with Rhe1.} Qf5 {[#]} 18. Qc3 $146 ({Predecessor:} 18. Qb3 b5 19. Bxe6 fxe6 20. Rhf1 {1-0 (20) Navara,D (2745)-Georgiev,K (2410) Achaea 2016}) 18... Bd5 19. Bb5+ {[%mdl 64] Discovered Attack} Bc6 20. Bc4 {Black must now prevent Rhe1.} Bd5 $1 {[#]} 21. Rd4 $1 {Re1 is the strong threat.} (21. Bb5+ $6 Bc6 $16) 21... Bd6 (21... h6 $16 22. Bf4 Bc5 23. Bxd5 exd5 24. Qe1+ Kd7) 22. g4 ({White must play} 22. Bb5+ $18 Kd8 23. Qd2) 22... Qf2 $1 $14 {[#]} 23. Be3 $1 $40 {[%cal Re3f2][%mdl 128] White attacks with force.} Qf3 $2 {[%mdl 8192]} (23... Rxc4 $16 24. Rxc4 (24. Bxf2 Rxc3 25. Rxd5 exd5 $11) 24... Qf3) 24. Bxd5 $18 {[%cal Rc3c8][%mdl 64] Discovered Attack} Rxc3 25. Bxf3 {[%mdl 64] Discovered Attack} Rxe3 26. Bxb7 (26. Rxd6 Rxf3 27. Rhd1 O-O $18) 26... Kd7 27. Rhd1 Kc7 28. Rxd6 Kxb7 {[%mdl 4096] Endgame KRR-KRR} 29. Rd7+ {[%mdl 64] Double Attack} Kb6 30. Rxf7 Re4 31. g5 Rxh4 32. Re7 Rf8 33. Rf1 h6 34. gxh6 Rxh6 35. Rxe6+ Kc5 36. f7 Rh7 37. Rfe1 {Hoping for R1e5+.} Rfxf7 (37... Rhxf7 $142 38. R1e5+ (38. Rxg6 Rf6 $18) 38... Kc4 39. b3+ (39. Rxg6 Rf1+ 40. Kd2 R1f2+ 41. Re2 Rd8+ 42. Ke3 Rf7 $18) 39... Kd4 40. Re4+ Kc5) 38. R1e5+ Kc4 39. Re4+ Kd5 40. R4e5+ (40. b3 $142) 40... Kc4 41. b3+ ({Weaker is} 41. Rxg6 Rh1+ 42. Kd2 Rh2+ 43. Re2 Rd7+ 44. Ke1 Rh1+ 45. Kf2 Rh2+ 46. Rg2 Rh5 $18) 41... Kc3 $2 (41... Kd4 $18 42. Re4+ Kd5 43. c4+ Kc5) 42. Re3+ {Accuracy: White = 72%, Black = 46%.} 1-0

[Event "CCCSA IM Norm C 2019"]
[Site "Charlotte"]
[Date "2019.06.06"]
[Round "1"]
[White "Lorne, Ras Malaku"]
[Black "Wang, Jason"]
[Result "0-1"]
[WhiteElo "2159"]
[BlackElo "2287"]
[Annotator "TA"]
[PlyCount "118"]
[EventDate "2019.06.05"]
[EventType "tourn"]
[EventCountry "USA"]
[SourceTitle "playchess.com"]
[Source "ChessBase"]
[SourceQuality "1"]

{[%evp 9,118,25,24,25,16,-8,-16,-16,48,-27,0,-37,-39,-46,-36,-41,-36,-79,-23,0,-29,-14,33,0,65,-25,39,-31,-28,-28,-31,-33,-29,-23,-2,-45,-51,-42,-47,-51,-52,-67,-45,-63,-63,-92,-86,-83,-99,-108,-13,-16,-24,-29,-13,-74,-17,-110,-84,-96,-96,-102,-96,-96,-96,-96,-96,-87,-87,-193,-193,-193,-191,-177,-96,-196,-190,-169,-113,-206,-169,-606,-583,-512,-49,-37,-41,-153,-47,-63,-53,-739,-371,-1090,-333,-29960,-3186,-2061,-1527,-29976,-29976,-6099,-4633,-29982,-29983,-29983,-29984,-29989,-29990,-29991,-29990]} 1. c4 e5 2. g3 Nc6 3. Nc3 Bc5 4. Bg2 a6 5. e3 d6 6. Nge2 {A25: English Opening vs King's Indian with ...Nc6 but without early d3} (6. Nf3 Nf6 7. O-O O-O 8. h3 Ba7 9. d4 h6 10. dxe5 dxe5 11. Qxd8 Rxd8 12. b3 Be6 13. Ba3 Rd7 14. Rfd1 Rad8 15. Rxd7 Rxd7 {½-½ (41) Howell,D (2676)-Ponomariov,R (2694) Riadh 2017}) 6... Ba7 7. O-O h5 8. d4 {The position is equal.} Nge7 (8... h4 $11) 9. b3 (9. h3 $14) 9... h4 $11 10. b4 $146 ({Predecessor:} 10. d5 Nb8 11. f4 Nd7 12. f5 {0-1 (31) Hayward,P (1898)-Milliet,S (2390) England 2015}) 10... hxg3 11. hxg3 exd4 12. exd4 Bg4 13. Be3 Qd7 (13... Kf8 $1 $17) 14. b5 axb5 15. cxb5 Na5 16. Re1 Qf5 (16... O-O $11) 17. Qb1 (17. Qa4 $14 Bb6 18. Nf4 (18. Bxb7 $2 Bf3 $19)) 17... O-O-O {[#]} (17... Qh5 $11) 18. Nd5 $1 {[%mdl 512]} Nxd5 $15 19. Qxf5+ Bxf5 20. Bxd5 c6 21. Rac1 Kd7 $36 {[%mdl 2048] Black has good play.} 22. bxc6+ ({But not} 22. Bxf7 Rdf8 $15) 22... bxc6 23. Bf3 d5 24. g4 Bh7 25. Bf4 Bb8 26. Rc5 Nc4 {Hoping for ...Rhe8.} 27. Bxb8 Rxb8 28. Nc3 Bg6 29. Be2 Nd6 (29... Rbe8 $17 {...Be4 is the strong threat.} 30. Rd1 Rh3 31. Nxd5 Be4) 30. Ra5 $1 $11 Ra8 31. Rxa8 Rxa8 32. Bd1 (32. a4 $1 $11 {keeps the balance.}) 32... Nc4 ({Black should try} 32... Rb8 $17 33. a3 Ne4 34. Nxe4 Bxe4) 33. Be2 (33. f4 $11) 33... Nb2 34. f4 {f5 would now be nice for White.} Ra3 35. Rc1 Bd3 36. Kf2 Bxe2 37. Kxe2 Na4 38. Nxa4 Rxa4 $17 {[%mdl 4096] Endgame KR-KR} 39. Rd1 (39. Kd3 $17 {was the only chance.}) 39... Rxa2+ $19 40. Kf3 Ra3+ 41. Kf2 Kd6 (41... g6 $19 42. Rb1 Rd3) 42. f5 (42. Rb1 $17) 42... Rh3 43. Kg2 Rc3 (43... Re3 $19 44. Kf2 Rb3) 44. Ra1 (44. Rd2 $17 {was worth a try.}) 44... Rc4 45. Ra7 $2 (45. Rd1) 45... Rxd4 46. Kf3 g6 $2 ({Better is} 46... c5 $19 {aiming for ...c4.} 47. Rxf7 c4 48. Rxg7 c3 49. Rg6+ Kc7 50. Rg7+ Kb6 51. Rg6+ Kb5) 47. Rxf7 $15 gxf5 48. Rxf5 {[#]} (48. Rf6+ $15 Ke5 49. Rxf5+ Ke6 50. Rf8) 48... Ke6 ({Black should play} 48... Re4 $1 $17 49. g5 Re6) 49. Rf8 $1 Rd1 {( -> ...Rf1+)} 50. Kg3 $2 {[%mdl 8192]} (50. Kf2 $15) 50... c5 51. g5 $2 (51. Rc8 c4 52. Kf4) 51... c4 $2 (51... Rg1+ 52. Kf2 Rxg5) 52. Kg4 $2 (52. Kf2 $19 Ke7 53. Ra8) 52... c3 (52... Rg1+ $142 53. Kh4 d4 54. Rc8 c3 55. Kh5 Rc1 56. Re8+ Kd7 57. Re4 Rd1 58. Rf4 c2 59. Rf7+ Ke8 60. Rf5 c1=Q 61. Kg6 Qe3 62. Kg7 Qe7+ 63. Kg6 {[#]} Rg1 $1 {[%mdl 512]} 64. Kh6 Qe4 65. Kg6 Rf1 66. Kh5 Qxf5 67. Kh6 Rh1+ 68. Kg7 Qxg5#) 53. Rc8 $19 d4 54. Kh5 Rh1+ 55. Kg6 Rh2 56. Kg7 c2 {Black mates.} 57. g6 d3 58. Kg8 Rh1 59. Rc4 Ke5 {Accuracy: White = 19%, Black = 51%.} 0-1

[Event "CCCSA IM Norm C 2019"]
[Site "Charlotte"]
[Date "2019.06.06"]
[Round "2.1"]
[White "Adamson, Robby"]
[Black "Jacobson, Aaron"]
[Result "0-1"]
[WhiteElo "2238"]
[BlackElo "2302"]
[Annotator "TA"]
[PlyCount "80"]
[EventDate "2019.06.05"]
[EventType "tourn"]
[EventCountry "USA"]
[SourceTitle "playchess.com"]
[Source "ChessBase"]
[SourceQuality "1"]

{[%evp 11,80,47,51,4,11,-85,-89,-195,-189,-195,-187,-212,-210,-228,-246,-240,-249,-264,-260,-328,-299,-310,-312,-325,-291,-335,-336,-338,-351,-370,-363,-356,-361,-351,-347,-396,-396,-386,-397,-396,-393,-456,-444,-460,-324,-315,-318,-412,-335,-323,-325,-316,-299,-319,-312,-395,-390,-381,-425,-437,-412,-508,-480,-508,-494,-548,-525,-575,-554,-537,-518]} 1. e4 c6 2. d4 d5 3. f3 e6 4. Nc3 g6 5. Be3 Bg7 6. Qd2 Nd7 7. Bd3 {B15: Caro-Kann: 3 Nc3: 3...g6 and 3...dxe4 4 Nxe4 Nf6 5 Nxf6+ exf6} (7. O-O-O a6 8. h4 Qa5 9. h5 b5 10. Kb1 Nb6 11. Bf4 b4 12. Nce2 Nc4 13. Qe1 Ne7 14. Nc1 Bb7 15. Bxc4 dxc4 {1-0 (33) Makoveev,I (2290)-Zagrekov,A (1991) Sochi 2019}) 7... c5 $146 ({Predecessor:} 7... Qh4+ 8. g3 Qe7 9. e5 b5 10. h4 f5 11. Bg5 Qb4 12. Nge2 Nb6 13. a3 Qf8 14. Bxb5 Bd7 {1-0 (40) Danielmeier,R (2091)-Maniocha,M (2082) Germany 2008}) 8. Nge2 (8. Bb5 $11 {keeps the balance.}) 8... c4 $17 9. exd5 ({But not} 9. Bg5 $2 Ne7 $19) (9. Bxc4 $17 dxc4 10. Nb5) 9... cxd3 $19 10. Qxd3 exd5 11. Nb5 a6 12. Nd6+ Kf8 13. Qa3 {[#]} Ne7 $1 14. h4 Nf6 15. Nf4 h5 16. Nd3 Ne8 17. Bf4 Kg8 18. Nxe8 Qxe8 19. O-O-O Nc6 20. Rhe1 Qd8 21. Bg5 Bf6 22. Bxf6 Qxf6 {[%mdl 64] Double Attack} 23. Re8+ Kh7 24. Rxh8+ Qxh8 25. Nf4 Qd8 26. Qb3 Qxh4 27. Nxd5 Na5 28. Qe3 Nc4 29. Qe4 Qxe4 30. fxe4 Be6 31. Nf4 Kg7 32. b3 Nd6 33. e5 Ne4 34. Re1 Bf5 35. c4 h4 36. Kb2 g5 {Black is clearly winning.} 37. Nd5 Ng3 38. Ne3 Be4 39. Kc3 {[#]} Bxg2 $1 {[%mdl 576] Promotion} 40. Nxg2 {If only White now had time for Ne3....} h3 {Accuracy: White = 23%, Black = 98%.} 0-1

[Event "CCCSA IM Norm C 2019"]
[Site "Charlotte"]
[Date "2019.06.06"]
[Round "2.2"]
[White "Hevia Alejano, Carlos Antonio"]
[Black "Lorne, Ras Malaku"]
[Result "1-0"]
[WhiteElo "2481"]
[BlackElo "2159"]
[Annotator "TA"]
[PlyCount "73"]
[EventDate "2019.06.05"]
[EventType "tourn"]
[EventCountry "USA"]
[SourceTitle "playchess.com"]
[Source "ChessBase"]
[SourceQuality "1"]

{[%evp 11,73,20,14,4,26,18,24,27,53,34,39,38,41,25,37,26,22,13,38,8,26,13,24,5,31,0,2,-6,0,0,0,0,0,0,14,37,25,0,80,0,0,0,41,50,193,78,92,87,236,16,63,49,39,37,44,38,157,129,199,127,566,562,758,750]} 1. Nf3 Nf6 2. c4 c5 3. Nc3 Nc6 4. d4 cxd4 5. Nxd4 Qb6 6. e3 e6 7. Be2 {A31: Symmetrical English: 2 Nf3 Nf6 3 d4} Bb4 (7... d5 8. cxd5 Nxd5 9. Nxd5 exd5 10. Nxc6 bxc6 11. O-O Be7 12. b3 O-O {½-½ (72) Krasenkow,M (2651)-Schreiner,P (2480) Germany 2018}) 8. O-O O-O 9. Na4 {White has an edge.} Qd8 10. a3 Be7 11. b4 d5 $146 ({Predecessor:} 11... d6 12. Bb2 Bd7 13. Nf3 Rc8 14. Rc1 b6 {½-½ (49) Loebler,H (2285)-Watzka,H (2350) Austria 1995}) 12. Bb2 Nxd4 13. Qxd4 dxc4 14. Qxc4 Bd7 15. Nc3 Qb6 16. Rfd1 Rac8 17. Qf4 Bc6 18. Rac1 (18. b5 $5 {[%cal Rc3a4]} Bd5 19. Qa4 $11 (19. Nxd5 Nxd5 20. Qd4 Qxd4 $11)) 18... a6 19. e4 Qa7 20. Bf3 Rfd8 21. e5 {Strongly threatening Bxc6.} Qb8 22. Bxc6 Rxc6 23. Rxd8+ Bxd8 24. Rd1 Bc7 (24... Ne8 $1 $11 {remains equal.}) 25. Qd4 (25. Qd2 $16 Ne8 26. Na4) 25... Bb6 $11 26. Qd2 Ne8 (26... Ng4 $5 {[%cal Rg4f2]} 27. Ne4 h6 $11) 27. Na4 Bc7 {[#]} (27... Ba7 $14) 28. Nc5 (28. Qg5 $1 $18 {and White stays clearly on top.}) 28... Qc8 29. Qg5 $36 {[%mdl 2048] White is really pushing.} b6 (29... Bb6 $16) 30. Ne4 $2 (30. Qe7 $18 bxc5 31. Rd7) 30... Rc4 31. Nf6+ Nxf6 32. exf6 {[%csl Gb2,Gf6][%cal Rg5g7]} g6 33. g3 {Qh6 is the strong threat.} Qf8 ({Black should play} 33... h5 $1 $14) 34. Rd7 h6 {[#]} (34... Rc2 $16 {keeps fighting.}) 35. Qd2 (35. Qe3 $1 $18) 35... Kh7 $2 {[%mdl 8192]} (35... Rc6 $16 {is tougher.}) 36. Qe2 $18 Rc6 37. Qe4 {Accuracy: White = 45%, Black = 24%.} 1-0

[Event "CCCSA IM Norm C 2019"]
[Site "Charlotte"]
[Date "2019.06.06"]
[Round "2.3"]
[White "Balleisen, Aaron"]
[Black "Ludwig, John"]
[Result "1/2-1/2"]
[WhiteElo "2203"]
[BlackElo "2374"]
[Annotator "TA"]
[PlyCount "58"]
[EventDate "2019.06.05"]
[EventType "tourn"]
[EventCountry "USA"]
[SourceTitle "playchess.com"]
[Source "ChessBase"]
[SourceQuality "1"]

{[%evp 18,58,48,38,28,17,23,10,4,16,22,14,22,29,37,18,35,24,18,18,20,0,0,0,0,0,0,0,0,0,0,0,0,0,0,0,0,0,0,0,0,0,0]} 1. c4 e6 2. g3 d5 3. Bg2 c5 4. Nf3 Nc6 5. O-O Nf6 6. cxd5 exd5 7. d4 Be7 8. Nc3 O-O 9. dxc5 Bxc5 10. a3 Ne4 {D34: Tarrasch Defence: 6 g3 Nf6 7 Bg2 Be7} 11. Na4 (11. Qxd5 Nxc3 12. Qxc5 Nxe2+ 13. Kh1 Nxc1 14. Raxc1 Qf6 15. b4 Bg4 16. Qc3 Qxc3 17. Rxc3 Rad8 18. Re1 Rd7 19. b5 Bxf3 20. Bxf3 Nd4 21. Rd1 b6 22. a4 {½-½ (22) Korobov,A (2652)-L'Ami,E (2634) Wijk aan Zee 2018}) 11... Be7 12. Be3 Re8 13. Rc1 Bf6 14. Nd4 Bxd4 15. Bxd4 Bf5 16. b4 Qd7 17. Nc5 $146 ({Predecessor:} 17. Ba1 Rad8 18. e3 {½-½ (36) Holm,K (2467)-Ogaard,L (2382) Norway 2019}) 17... Nxc5 18. Rxc5 {The position is equal.} Be4 19. b5 Nxd4 20. Qxd4 b6 21. Rc6 Bxg2 22. Kxg2 Rxe2 23. Rd1 Ra2 24. Qxd5 (24. Qf4 {is more complex.} Rxa3 25. Rc7 Qe6 26. Re1 Ra4 27. Rxe6 Rxf4 28. Rd6) 24... Qxd5+ 25. Rxd5 Rxa3 $11 {KRR-KRR} 26. Rd7 Rf8 27. Rcc7 Ra5 28. Rxa7 Rxb5 29. Rab7 g6 {Accuracy: White = 69%, Black = 84%.} 1/2-1/2